000
00227 a2200097 4500
001
29385
100
_a
Paliouras
245
_a
Complex variables for scientists and engineers
260
_a
_b
Macmillan
_c
090
_c
19598
_d
19598
942
_a
NUST-CAE
_c
M
_c
10666
999
_c
264458
_d
264458